| 000 | 00343nam a22001457a 4500 | ||
|---|---|---|---|
| 003 | SGT | ||
| 020 | _a978-93-7473-635-7 | ||
| 082 |
_a615.19 _bPUR |
||
| 100 | _aPURKAR, SANDEEP | ||
| 245 | _aPHARMACEUTICAL INORGANIC CHEMISTRY | ||
| 260 |
_aINDIA _bAITBS PUB. _c2024 |
||
| 300 | _a192 | ||
| 650 | _aPHARMACEUTICAL CHEMISTRY | ||
| 942 |
_2ddc _cBK |
||
| 999 |
_c33069 _d33069 |
||